000 00692nam a22001937a 4500
003 OSt
005 20251120151937.0
008 251120b |||||||| |||| 00| 0 eng d
020 _a0-201-05946-0
040 _aDWC-Main lib
_cOC
082 _aCirc. 610.73 W748 1989
100 _aWilson, H.
245 _aResearch in nursing, 2nd ed.
_cWilson, Holly S.
260 _aCalifornia :
_bAddison-Wesley Publishing Company, Inc.,
_c c1989
300 _axiii, 738 pages :
_c23 cm.
504 _aIncludes bibliographical references and index
650 _2Nursing - research - methodology
942 _2ddc
_cBK-CIRC
_e2nd edition
_hCirc. 610.73 W748 1989
_kCirc.
_n0
999 _c5906
_d5906